La imagen de Manuel Godoy / (Record no. 47732)

MARC details
000 -LEADER
campo de control de longitud fija 00849nam a2200253 i 4500
001 - NÚMERO DE CONTROL
campo de control 47732
003 - IDENTIFICADOR DE NÚMERO DE CONTROL
campo de control ES-MaACL
005 - FECHA Y HORA DE LA ÚLTIMA TRANSACCIÓN
campo de control 20251120165142.0
007 - CAMPO FIJO DE DESCRIPCIÓN FÍSICA--INFORMACIÓN GENERAL
campo de control de longitud fija t|
008 - DATOS DE LONGITUD FIJA--INFORMACIÓN GENERAL
campo de control de longitud fija 011203s2001 sp ||||0| spa j
020 ## - NÚMERO INTERNACIONAL ESTÁNDAR DEL LIBRO
Número Internacional Estándar del Libro 84-7671-643-5
040 ## - FUENTE DE CATALOGACIÓN
Centro catalogador/agencia de origen M-BN
Lengua de catalogación spa
Centro/agencia transcriptor M-BN
080 ## - NÚMERO DE LA CLASIFICACIÓN DECIMAL UNIVERSAL
Número de la Clasificación Decimal Universal 929 Godoy, Manuel (0:7)
080 ## - NÚMERO DE LA CLASIFICACIÓN DECIMAL UNIVERSAL
Número de la Clasificación Decimal Universal 7.041.5
100 1# - ENTRADA PRINCIPAL--NOMBRE DE PERSONA
Nombre de persona Rose-de Viejo, Isadora.
9 (RLIN) 99678
245 13 - MENCIÓN DEL TÍTULO
Título La imagen de Manuel Godoy /
Mención de responsabilidad, etc. Isadora Rose-de Viejo, Emilio La Parra López, Enrique Giménez López.
260 ## - PUBLICACIÓN, DISTRIBUCIÓN, ETC.
Lugar de publicación, distribución, etc. [Mérida] :
Nombre del editor, distribuidor, etc. Consejería de Cultura,
Fecha de publicación, distribución, etc. 2001.
300 ## - DESCRIPCIÓN FÍSICA
Extensión 193 p. :
Otras características físicas il. col. y n. ;
Dimensiones 28 cm.
600 04 - PUNTO DE ACCESO ADICIONAL DE MATERIA--NOMBRE DE PERSONA
Nombre de persona Godoy, Manuel de,
Títulos y otros términos asociados al nombre Príncipe de la Paz-
Subdivisión general Iconografia
9 (RLIN) 57539
700 1# - ENTRADA AGREGADA--NOMBRE PERSONAL
Nombre de persona La Parra López, Emilio.
9 (RLIN) 69173
700 1# - ENTRADA AGREGADA--NOMBRE PERSONAL
Nombre de persona Giménez López, Enrique.
9 (RLIN) 57052
852 ## - LOCALIZACIÓN
Ubicación ES-MaACL
Número de control de estantería L-26330
Sublocalización o colección R.131201
Holdings
Estatus retirado Estado de pérdida Estado de daño No para préstamo Biblioteca de origen Biblioteca actual Ubicación en estantería Fecha de adquisición Fuente de adquisición Total de préstamos Signatura topográfica completa Código de barras Visto por última vez Precio de reemplazo Tipo de ítem Koha
        Biblioteca del Ateneo de Madrid Biblioteca del Ateneo de Madrid Depósito 2 17/01/2008     L-26330 1050225 23/02/2023 23/02/2023 Libro impreso